Моделирование физико-химических процессов при зажигании тонких пленок жидких конденсированных веществ источниками нагрева с ограниченным теплосодержанием; Теплофизические основы энергетических технологий

Bibliografiska uppgifter
Parent link:Теплофизические основы энергетических технологий.— 2011.— С. [14-18]
Huvudupphovsman: Стрижак П. А. Павел Александрович
Institutionell upphovsman: Национальный исследовательский Томский политехнический университет (ТПУ)
Sammanfattning:Заглавие с титульного листа
Språk:ryska
Publicerad: 2011
Ämnen:
Länkar:http://www.lib.tpu.ru/fulltext/c/2011/C02/003.pdf
Materialtyp: MixedMaterials Elektronisk Bokavsnitt
KOHA link:https://koha.lib.tpu.ru/cgi-bin/koha/opac-detail.pl?biblionumber=232777

MARC

LEADER 00000nla2a2200000 4500
001 232777
005 20231031203425.0
035 |a (RuTPU)RU\TPU\book\253831 
035 |a RU\TPU\book\253829 
090 |a 232777 
100 |a 20130219d2011 k y0rusy50 ca 
101 0 |a rus 
102 |a RU 
105 |a y z 101zy 
135 |a drcn ---uucaa 
181 0 |a i  
182 0 |a b 
200 1 |a Моделирование физико-химических процессов при зажигании тонких пленок жидких конденсированных веществ источниками нагрева с ограниченным теплосодержанием  |b Электронный ресурс  |f П. А. Стрижак 
203 |a Текст  |c электронный 
215 |a 1 файл (336 Кб) 
230 |a Электронные текстовые данные (1 файл : 336 Кб) 
300 |a Заглавие с титульного листа 
320 |a [Библиогр.: с. 17-18 (7 назв.)] 
337 |a Adobe Reader 
463 1 |0 (RuTPU)RU\TPU\book\250444  |t Теплофизические основы энергетических технологий  |o сборник научных трудов II Всероссийской научно-практической конференции с международным участием, 6-8 октября 2011 г., Томск  |f Национальный исследовательский Томский политехнический университет (ТПУ) ; ред. коллегия: Г. В. Кузнецов, А. С. Заворин, К. В. Буваков  |v С. [14-18]  |d 2011 
610 1 |a труды учёных ТПУ 
610 1 |a электронный ресурс 
610 1 |a моделирование процесса 
610 1 |a физико-химические процессы 
610 1 |a тонкие пленки 
610 1 |a жидкие конденсированные вещества 
610 1 |a теплостойкость 
610 1 |a зажигание 
700 1 |a Стрижак  |b П. А.  |c специалист в области теплоэнергетики  |c профессор Томского политехнического университета, доктор физико-математических наук  |f 1985-  |g Павел Александрович  |2 stltpush  |3 (RuTPU)RU\TPU\pers\25983 
712 0 2 |a Национальный исследовательский Томский политехнический университет (ТПУ)  |c (2009- )  |2 stltpush  |3 (RuTPU)RU\TPU\col\15902 
801 1 |a RU  |b 63413507  |c 20120830 
801 2 |a RU  |b 63413507  |c 20140221  |g RCR 
856 4 |u http://www.lib.tpu.ru/fulltext/c/2011/C02/003.pdf 
942 |c CF